000 00240nam a2200109Ia 4500
008 170627s9999 xx 000 0 und d
100 _aBERI- G.C
245 0 _aBUSINESS STATISTICS
260 _bTMH
260 _c2005
546 _aENGLISH
690 _aBUSINESS STATIECS
999 _c35273
_d35273